[Event "BRA-ch Amateur U1800"]
[Site "Sao Paulo"]
[Date "2018.06.02"]
[Round "5"]
[White "Pereira Fo, Hildebrando Apolon"]
[Black "Gauche, Joao Gabriel N Silv"]
[Result "0-1"]
[WhiteElo "1601"]
[BlackElo "1702"]
[PlyCount "134"]
[EventDate "2018.05.31"]
[EventType "swiss"]
[EventRounds "7"]
[EventCountry "BRA"]
[SourceTitle "EXT 2021"]
[Source "ChessBase"]
[SourceDate "2020.10.23"]
[SourceVersion "1"]
[SourceVersionDate "2020.10.23"]
[SourceQuality "1"]

1. c4 Nf6 2. Nc3 e6 3. d3 c5 4. g3 Nc6 5. Bg2 a6 6. Nf3 Rb8 7. Bf4 d6 8. 0-0 Be7 9. a3 e5 10. Bd2 0-0 11. Qc2 Nd4 12. Nxd4 cxd4 13. Nd5 Nxd5 14. Bxd5 b5 15. cxb5 axb5 16. Rfc1 Bd7 17. Qd1 Qb6 18. b4 Rfc8 19. Qb3 Be8 20. Rc2 Bd8 21. Rac1 Rc7 22. Rxc7 Bxc7 23. e3 Qa7 24. exd4 Bb6 25. Be3 Kf8 26. Re1 Bxd4 27. Bxd4 Qxd4 28. Rc1 Qa7 29. Qb2 Bd7 30. Kg2 Rc8 31. Rc3 Rxc3 32. Qxc3 Be6 33. Qc6 Qd7 34. Qa8+ Ke7 35. Bc6 Bh3+ 36. Kg1 Qg4 37. Bf3 Qd4 38. Qb7+ Kf6 39. Bd1 Qxd3 40. Qf3+ Qxf3 41. Bxf3 Bd7 42. Bd5 Ke7 43. f3 f6 44. h4 Kd8 45. Kf2 Kc7 46. Ke3 Bc6 47. Bg8 h6 48. Bh7 d5 49. Kd3 Kd6 50. Bf5 g5 51. hxg5 hxg5 52. Bg4 d4 53. f4 gxf4 54. gxf4 Bd5 55. fxe5+ fxe5 56. Bf5 Ba2 57. Kd2 Bc4 58. Be4 Bd5 59. Bd3 Kc6 60. Bf1 e4 61. Bh3 Bc4 62. Bg2 Kd5 63. Ke1 Ke5 64. Bh3 e3 65. Bg2 d3 66. Bf3 Kd4 67. Bd1 d2# 0-1

[Event "BRA-ch U20"]
[Site "Icara"]
[Date "2016.06.26"]
[Round "6"]
[White "Gauche, Joao Gabriel N Silv"]
[Black "Souza dos Santos, Matheus Garcett"]
[Result "1/2-1/2"]
[WhiteElo "1718"]
[BlackElo "1967"]
[PlyCount "132"]
[EventDate "2016.06.23"]
[EventType "swiss"]
[EventRounds "7"]
[EventCountry "BRA"]
[SourceTitle "EXT 2017"]
[Source "ChessBase"]
[SourceDate "2016.10.25"]
[SourceVersion "1"]
[SourceVersionDate "2016.10.25"]
[SourceQuality "1"]

1. d4 Nf6 2. c4 c5 3. d5 e6 4. Nc3 exd5 5. cxd5 d6 6. g3 g6 7. Bg2 a6 8. a4 Bg7 9. Nf3 0-0 10. 0-0 Nbd7 11. e4 Re8 12. Nd2 Qc7 13. Qb3 Rb8 14. Nc4 b6 15. Bf4 Ne5 16. Bxe5 dxe5 17. h3 Bd7 18. Na3 b5 19. axb5 axb5 20. Ne2 c4 21. Rfc1 Rec8 22. Qd1 Bf8 23. b3 Bxa3 24. Rxa3 b4 25. Ra6 Qd8 26. bxc4 b3 27. Rc3 Rb4 28. Qb1 Ba4 29. Rxa4 Rxa4 30. Qxb3 Qa5 31. c5 Ra1+ 32. Kh2 Rxc5 33. Qb8+ Kg7 34. Qxe5 Ra2 35. Rf3 Qd8 36. Nd4 Ra6 37. g4 Kg8 38. Qf4 Rc7 39. Nc6 Raxc6 40. dxc6 Ne8 41. Bf1 g5 42. Qf5 Qd6+ 43. Kg2 h6 44. Bc4 Qxc6 45. Bxf7+ Kg7 46. Bd5 Qd6 47. Qe6 Qxe6 48. Bxe6 Nf6 49. Re3 Re7 50. Bf5 h5 51. Kf3 hxg4+ 52. hxg4 Kf7 53. e5 Nd5 54. e6+ Kf6 55. Rd3 Ke5 56. Rd1 Nf4 57. Rd7 Re8 58. Ra7 Kf6 59. Ke3 Nd5+ 60. Kd4 Ne7 61. Ke4 Rc8 62. Rd7 Rc4+ 63. Rd4 Rc5 64. f4 gxf4 65. Kxf4 Nxf5 66. gxf5 Rxf5+ 1/2-1/2